Statistics for Random Movie Quotes #4

Click here to take the quiz!

General Stats

  • This quiz has been taken 51,864 times
    (10,565 since last reset)
  • The average score is 10 of 18

Answer Stats

Quote Movie % Correct
Oompa loompa doompadee doo.Willy Wonka
& the Chocolate Factory
93%
Wax on, wax off.The Karate Kid
83%
Why so serious?The Dark Knight
74%
I'm melting, melting!The Wizard of Oz
73%
Yo, Adrian!Rocky
68%
We are the Knights who say... Ni.Monty Python and the
Holy Grail
66%
Open the pod bay doors, HAL.2001: A Space Odyssey
62%
The more you tighten your grip, Tarkin, the more star systems will slip
through your fingers.
Star Wars
61%
Stupid is as stupid does.Forrest Gump
60%
That's a pretty ****ing good milkshake. I don't know if it's worth five dollars
but it's pretty ****ing good.
Pulp Fiction
55%
Toga! Toga!Animal House
47%
Dreams feel real while we're in them. It's only when we wake up
that we realize something was actually strange.
Inception
43%
First you gotta do the truffle shuffle.The Goonies
42%
I think this is the beginning of a beautiful friendship.Casablanca
41%
You... complete me.Jerry Maguire
35%
That rug really tied the room together.The Big Lebowski
35%
The horror...the horror.Apocalypse Now
23%
Every man dies. Not every man really lives.Braveheart
15%

Score Distribution

Percentile by Number Answered

Percent of People with Each Score

Your Score History

You have not taken this quiz since the last reset